| 000 | 00512nam a2200181 i 4500 | ||
|---|---|---|---|
| 001 | 108076 | ||
| 003 | ES-MaACL | ||
| 005 | 20250623173237.0 | ||
| 007 | t| | ||
| 008 | 070119s1918 gw ||||1| ger d | ||
| 100 | 1 |
_aKehrer, Hugo. _967725 |
|
| 245 | 1 | 0 |
_aFrancisco de Zurbaran / _cvon Hugo Kehrer. |
| 260 |
_aMünchen : _bHugo Schmidt, _c[1918?] |
||
| 300 |
_a168 p., 87 lám. ; _c25 cm. |
||
| 700 | 1 |
_aZurbarán, Francisco de, _d1598-1664 _9240980 |
|
| 852 |
_aES-MaACL _jF-1728 |
||
| 999 |
_c108076 _d108076 |
||